000 00354nam a2200121Ia 4500
008 220204s9999 xx 000 0 und d
082 _a543.253
_bKOL
100 _aKolthoff, I M
245 0 _aPolarography: Polarographic analysis and voltammetry amperometric titrations
260 _aNew York
_bInterscience
_c1946
700 _aLingane, J J
942 _cBK
999 _c21869
_d21869